书目信息 |
| 题名: |
AutoCAD 2004中文版入门与提高
|
|
| 作者: | ;刘永革 , 邵谦谦 , 赵再军 编著 ;东方人华 主编 | |
| 分册: | ||
| 出版信息: | 北京 清华大学出版社 2004.3 |
|
| 页数: | 464页 | |
| 开本: | 26cm | |
| 丛书名: | 软件入门与提高丛书 | |
| 单 册: | ||
| 中图分类: | TP391.72 | |
| 科图分类: | ||
| 主题词: | 计算机辅助设计--ji suan ji fu zhu she ji--应用软件 , 计算机辅助设计--ji suan ji fu zhu she ji , 应用软件--ying yong ruan jian | |
| 电子资源: | ||
| ISBN: | 7-302-08001-1 | |
| 000 | 01346cam2 2200337 450 | |
| 001 | 012005000832 | |
| 005 | 20051124154917.35 | |
| 010 | @a7-302-08001-1@dCNY39.00 | |
| 100 | @a20050716e20052004em y0chiy0121 ea | |
| 101 | 0 | @achi |
| 102 | @aCN@b110000 | |
| 105 | @af z 000yy | |
| 200 | 1 | @aAutoCAD 2004中文版入门与提高@AAutoCAD 2004 zhong wen ban ru men yu ti gao@f东方人华主编@g邵谦谦,赵再军,刘永革编著 |
| 210 | @a北京@c清华大学出版社@d2004.3@h2005.1重印 | |
| 215 | @a464页@c图@d26cm | |
| 225 | 2 | @a软件入门与提高丛书@Aruan jian ru men yu ti gao cong shu@f李振格主编 |
| 330 | @aAutoCAD 2004具有强大的绘图功能和更加友好的用户界面。主要内容包括AutoCAD 2004基础知识,环境设置,图形绘制,编辑文本尺寸标注,属性查询以及三维绘图基础和AutoCAD二次开发等内容。 | |
| 333 | @a阅读对象:计算机专业人员等 | |
| 461 | 0 | @12001 @a软件入门与提高丛书 |
| 606 | 0 | @a计算机辅助设计@Aji suan ji fu zhu she ji@x应用软件 |
| 606 | 0 | @a计算机辅助设计@Aji suan ji fu zhu she ji |
| 606 | 0 | @a应用软件@Aying yong ruan jian |
| 610 | 0 | @aAutoCAD 2004 |
| 690 | @aTP391.72@v4 | |
| 702 | 0 | @a刘永革@Aliu yong ge@4编著 |
| 702 | 0 | @a邵谦谦@Ashao qian qian@4编著 |
| 702 | 0 | @a赵再军@Azhao zai jun@4编著 |
| 711 | 02 | @a东方人华@Adong fang ren hua@4主编 |
| 801 | 0 | @aCN@bSRXX@c20051124 |
| 801 | 2 | @aCN@bSRXX@c20051110 |
| 905 | @a10447@dTP391.72@eD664 | |
| AutoCAD 2004中文版入门与提高/东方人华主编/邵谦谦,赵再军,刘永革编著.-北京:清华大学出版社,2004.3(2005.1重印) |
| 464页:图;26cm.-(软件入门与提高丛书/李振格主编) |
| 使用对象:阅读对象:计算机专业人员等 |
| ISBN 7-302-08001-1:CNY39.00 |
| AutoCAD 2004具有强大的绘图功能和更加友好的用户界面。主要内容包括AutoCAD 2004基础知识,环境设置,图形绘制,编辑文本尺寸标注,属性查询以及三维绘图基础和AutoCAD二次开发等内容。 |
| ● |
| 相关链接 |
|
|
|
正题名:AutoCAD 2004中文版入门与提高
索取号:TP391.72/D664
 
预约/预借
| 序号 | 登录号 | 条形码 | 馆藏地/架位号 | 状态 | 备注 |
| 1 | 544795 | 205447952 | 期刊室512/301自科库 68排2列3层/ [索取号:TP391.72/D664] | 在馆 | |
| 2 | 544796 | 205447961 | 自科二线400A/400A自科库 6排3列3层/ [索取号:TP391.72/D664] | 在馆 | |
| 3 | 544797 | 205447970 | 期刊室512/301自科库 68排2列3层/ [索取号:TP391.72/D664] | 在馆 |